000 00449nam a22001697a 4500
005 20251108172939.0
008 250721s1997 xx 000 0 ara d
082 1 4 _a811.9562 /مصط
100 1 _aمصطفى، عادل
245 1 0 _aديوان النثر /
264 1 _aبيروت :
_bدار الفارابي،
_c1997.
300 _a109 ص
650 1 7 _aالشعر العربي
650 1 7 _aلبنان
942 _2ddc
_cBK
999 _c92490
_d92490